书目信息 |
| 题名: |
CAD制图及CAD文件管理国家标准应用指南
|
|
| 作者: | 邹玉堂 主编 ;机械制造业技术产品文件标准应用指导丛书编委会 编 | |
| 分册: | ||
| 出版信息: | 北京 中国标准出版社 2008.07 |
|
| 页数: | 125页 | |
| 开本: | 26cm | |
| 丛书名: | 机械制造业技术产品文件标准应用指导丛书 | |
| 单 册: | ||
| 中图分类: | TH126-65 , G276-39 | |
| 科图分类: | ||
| 主题词: | 机械制图--ji xie zhi tu--制图程序--计算机辅助设计--国家标准--基本知识--中国 , 特种档案--te zhong dang an--档案管理--计算机辅助管理--国家标准--基本知识--中国 | |
| 电子资源: | ||
| ISBN: | 978-7-5066-4756-4 | |
| 000 | 01683nam 2200313 450 | |
| 001 | 012009897624 | |
| 005 | 20090808112356.18 | |
| 010 | @a978-7-5066-4756-4@dCNY25.00 | |
| 100 | @a20090808d2008 em y0chiy0120 ea | |
| 101 | 0 | @achi |
| 102 | @aCN@b110000 | |
| 105 | @aak al 000yy | |
| 106 | @ar | |
| 200 | 1 | @aCAD制图及CAD文件管理国家标准应用指南@ACAD zhi tu ji CAD wen jian guan li guo jia biao zhun ying yong zhi nan@f《机械制造业技术产品文件标准应用指导丛书》编委会编@F《ji xie zhi zao ye ji shu chan pin wen jian biao zhun ying yong zhi dao cong shu》bian wei hui bian@g邹玉堂主编@Gzou yu tang zhu bian |
| 210 | @a北京@c中国标准出版社@d2008.07 | |
| 215 | @a125页@c图@d26cm | |
| 225 | 2 | @a机械制造业技术产品文件标准应用指导丛书@Aji xie zhi zao ye ji shu chan pin wen jian biao zhun ying yong zhi dao cong shu |
| 300 | @a国家“十一五”重点规划图书 国家标准化管理委员会国家标准宣贯教材 | |
| 320 | @a有书目 (第125页) | |
| 330 | @a全书全面系统地介绍了现行CAD制图、CAD文件管理标准的体系、内容。对标准逐一进行了讲解,并对标准中言犹未尽、不甚明了的问题进行了解析,附有典型实例,有助于标准的贯彻、实施。 | |
| 410 | 0 | @12001 @a机械制造业技术产品文件标准应用指导丛书 |
| 606 | 0 | @a机械制图@Aji xie zhi tu@x制图程序@x计算机辅助设计@x国家标准@x基本知识@y中国 |
| 606 | 0 | @a特种档案@Ate zhong dang an@x档案管理@x计算机辅助管理@x国家标准@x基本知识@y中国 |
| 690 | @aTH126-65@v4 | |
| 690 | @aG276-39@v4 | |
| 701 | 0 | @a邹玉堂@Azou yu tang@4主编 |
| 712 | 02 | @a机械制造业技术产品文件标准应用指导丛书编委会@Aji xie zhi zao ye ji shu chan pin wen jian biao zhun ying yong zhi dao cong shu bian wei hui@4编 |
| 801 | 0 | @aCN@bQSSK@c20090808 |
| 905 | @b750605-07@dTH126-65@eZ972@f3 | |
| CAD制图及CAD文件管理国家标准应用指南/《机械制造业技术产品文件标准应用指导丛书》编委会编/邹玉堂主编.-北京:中国标准出版社,2008.07 |
| 125页:图;26cm.-(机械制造业技术产品文件标准应用指导丛书) |
| 国家“十一五”重点规划图书 国家标准化管理委员会国家标准宣贯教材 |
| ISBN 978-7-5066-4756-4:CNY25.00 |
| 全书全面系统地介绍了现行CAD制图、CAD文件管理标准的体系、内容。对标准逐一进行了讲解,并对标准中言犹未尽、不甚明了的问题进行了解析,附有典型实例,有助于标准的贯彻、实施。 |
| ● |
| 相关链接 |
|
|
|
正题名:CAD制图及CAD文件管理国家标准应用指南
索取号:TH126-65/Z972
 
预约/预借
| 序号 | 登录号 | 条形码 | 馆藏地/架位号 | 状态 | 备注 |
| 1 | 750605 | 207506055 | 自科库501/501自科库 37排1列2层/ [索取号:TH126-65/Z972] | 在馆 | |
| 2 | 750606 | 207506064 | 自科二线504/504自科库 41排1列3层/ [索取号:TH126-65/Z972] | 在馆 | |
| 3 | 750607 | 207506073 | 自科库501/501自科库 37排1列2层/ [索取号:TH126-65/Z972] | 在馆 |